Datum a čas kvízu
11
Celkem bodů
Celkový počet nahraných bodů na tomto kvízu bez doplňovacích otázek.
12.
Pořadí na kvízu
Konečné umístění týmu na tomto kvízu.
Zaznamenané odpovědi
| # | Otázka | Odpověď | Body | Výsledky |
|---|---|---|---|---|
| 1. | Letitá ikonická story o „bábě... | Plzeň | 1 | |
| 2. | Slovenská vláda schválila plán... | medvěd | 1 | |
| 3. | Minulý týden vystoupila rovnou... | Dua Lipa; Na ostří nože | 1 | |
| 4. | Jak se jmenuje horská chata le... | Luční bouda | 0 | |
| 5. | Napište jméno muže, který byl... | David Trunda | 0 | |
| 6. | Milovníci komiksů se každoročn... | Comic-Con | 1 | |
| 7. | Hlavní postavy ze seriálu Teor... | Stuart | 1 | |
| 8. | Jedním z nejoblíbenějších komi... | 1D 2C 3A 4B | 1 | |
| 9. | Jak se jmenuje muž, který nakr... | Kája (Karel) Saudek | 0 | |
| 10. | V současné době vychází v komi... | Karel Čapek, R.U.R. | 0.5 |